| 000 | 00502cam a2200193ua 4500 | ||
|---|---|---|---|
| 020 | _a0-910608-41-5 | ||
| 041 |
_aeng _h |
||
| 082 |
_a025.431 _bDEW/DE |
||
| 100 | _aDewey, Melvil . | ||
| 245 |
_aDewey Decimal Classification and Relative Index, Vol 4 / _cMelvil Dewey. _hTextual Documents |
||
| 250 |
_a20 / _b. |
||
| 260 |
_aNew York : _bForest Press , _c1989. |
||
| 300 | _a961 ; . | ||
| 362 | 0 | _aVol 4- | |
| 504 | _a | ||
| 650 | _aLibrary Classification | ||
| 942 | _cBK | ||
| 999 |
_c537 _d537 |
||